Catálogo público

Financiamiento rural en Tlaxcala : (Record no. 209208)

MARC details
000 -CABECERA
campo de control de longitud fija 01123nam a22002657a 4500
005 - FECHA Y HORA DE LA ÚLTIMA TRANSACCIÓN
campo de control 20220803144925.0
008 - DATOS DE LONGITUD FIJA--INFORMACIÓN GENERAL
campo de control de longitud fija 220803s2010 mx a|||f |||| 00| 0 spa d
020 ## - NÚMERO INTERNACIONAL ESTÁNDAR DEL LIBRO
Número Internacional Estándar del Libro 970-9871-09-9
040 ## - FUENTE DE LA CATALOGACIÓN
Centro/agencia transcriptor CHAP
082 ## - NÚMERO DE LA CLASIFICACIÓN DECIMAL DEWEY
Número de edición 22
Número de clasificación 332.71097247
Número de documento/Ítem P43
100 1# - ENTRADA PRINCIPAL--NOMBRE DE PERSONA
9 (RLIN) 90030
Nombre de persona Pérez Sánchez, Alfonso
245 ## - MENCIÓN DE TÍTULO
Título Financiamiento rural en Tlaxcala :
Resto del título panorama general y alternativas /
Mención de responsabilidad, etc. por Alfonso Pérez Sánchez, María del Refugio Martínez Viera y Celia Hernández Cortés.
264 ## - PRODUCCIÓN, PUBLICACIÓN, DISTRIBUCIÓN, FABRICACIÓN Y COPYRIGHT
Producción, publicación, distribución, fabricación y copyright Tlaxcala, México :
Nombre del de productor, editor, distribuidor, fabricante El Colegio de Tlaxcala ;
-- CONACYT :
-- Gobierno del Estado de Tlaxcala,
Fecha de producción, publicación, distribución, fabricación o copyright 2005
300 ## - DESCRIPCIÓN FÍSICA
Extensión 164 páginas :
Otras características físicas mapas, cuadros, gráficas.
336 ## - TIPO DE CONTENIDO
Término de tipo de contenido texto
Código de tipo de contenido txt
Fuente rdacontenido
337 ## - TIPO DE MEDIO
Nombre/término del tipo de medio sinmedio
Código del tipo de medio n
Fuente rdamedia
338 ## - TIPO DE SOPORTE
Código del tipo de soporte volumen
Nombre/término del tipo de soporte nc
Fuente rdacarrier
650 #7 - PUNTO DE ACCESO ADICIONAL DE MATERIA--TÉRMINO DE MATERIA
9 (RLIN) 29083
Término de materia o nombre geográfico como elemento de entrada Crédito agrícola
Subdivisión general Tlaxcala
650 #0 - PUNTO DE ACCESO ADICIONAL DE MATERIA--TÉRMINO DE MATERIA
9 (RLIN) 185312
Término de materia o nombre geográfico como elemento de entrada Agricultura
Subdivisión geográfica Tlaxcala
Subdivisión general Finanzas
650 #7 - PUNTO DE ACCESO ADICIONAL DE MATERIA--TÉRMINO DE MATERIA
9 (RLIN) 32029
Término de materia o nombre geográfico como elemento de entrada Desarrollo de la comunidad rural
Subdivisión general Tlaxcala
650 #7 - PUNTO DE ACCESO ADICIONAL DE MATERIA--TÉRMINO DE MATERIA
9 (RLIN) 1300
Término de materia o nombre geográfico como elemento de entrada Agricultura
Subdivisión general Aspectos económicos
-- Tlaxcala
700 ## - PUNTO DE ACCESO ADICIONAL--NOMBRE DE PERSONA
9 (RLIN) 185310
Nombre de persona Martínez Viera, María del Refugio
700 ## - PUNTO DE ACCESO ADICIONAL--NOMBRE DE PERSONA
9 (RLIN) 185311
Nombre de persona Hernández Cortés, Celia
942 ## - ELEMENTOS DE PUNTO DE ACCESO ADICIONAL (KOHA)
Fuente del sistema de clasificación o colocación Dewey Decimal Classification
Tipo de ítem Koha Libro
Holdings
Estado de retiro Estado de pérdida Fuente del sistema de clasificación o colocación Estado dañado Restricciones de uso No para préstamo Código de colección Localización permanente Ubicación/localización actual Ubicación en estantería Fecha de adquisición Total de préstamos Signatura topográfica completa Código de barras Fecha visto por última vez Precio válido a partir de Tipo de ítem Koha
    Dewey Decimal Classification   Préstamo 15 días   General Biblioteca Central Biblioteca Central Planta alta - Colección General 03/08/2022   332.71097247 P43 33724002563512 03/08/2022 03/08/2022 Libro